| 000 | 00366nam a22001457a 4500 | ||
|---|---|---|---|
| 020 | _a97881203500663 | ||
| 082 | _a530.41 SRI | ||
| 100 |
_aSrivastava, J.P. _969634 |
||
| 245 | _aElement of solid state physics | ||
| 250 | _a4th | ||
| 260 |
_aIndia _bPHI Learning _c2016 |
||
| 300 | _axiii,666 P | ||
| 650 |
_aElements of Solid State Physics _969635 |
||
| 942 | _cBK | ||
| 999 |
_c576838 _d576838 |
||